[Event "Michigan Juniors"]
[Site "East Grand Rapids"]
[Date "2005.03.20"]
[Round "4.6"]
[White "Beagle, Brad"]
[Black "Carter, Ashley"]
[Result "0-1"]
[WhiteElo "1203"]
[BlackElo "1751"]
[PlyCount "118"]
[EventDate "2005.03.19"]
[EventType "swiss"]
[EventRounds "5"]
[EventCountry "USA"]
[SourceTitle "EXT 2006"]
[Source "ChessBase"]
[SourceDate "2005.11.24"]
[SourceVersion "1"]
[SourceVersionDate "2005.11.24"]
[SourceQuality "1"]

1. e4 c6 2. d4 d5 3. exd5 cxd5 4. c4 Nf6 5. Nc3 e6 6. Bg5 dxc4 7. Bxc4 Be7 8. Nf3 0-0 9. 0-0 Nc6 10. Bxf6 Bxf6 11. d5 Na5 12. Bd3 Bxc3 13. bxc3 Qxd5 14. Qa4 Qxd3 15. Qxa5 b6 16. Qe5 Bb7 17. Rfd1 Qg6 18. Qg3 Qf6 19. Ne5 Rfd8 20. Ng4 Qe7 21. h3 Rac8 22. Qe5 Rc5 23. Qe3 Rcd5 24. Rxd5 Rxd5 25. Qe1 Qd8 26. Ne3 Rd7 27. Rd1 Rxd1 28. Qxd1 Qxd1+ 29. Nxd1 Kf8 30. Ne3 Ke7 31. Ng4 Kd6 32. f4 f6 33. Ne3 Kc5 34. Kf2 Bd5 35. a3 Kb5 36. g3 Ka4 37. Nc2 Bb3 38. Nd4 a5 39. Ke2 Kxa3 40. Kd2 Kb2 41. Ne2 a4 42. Nc1 Bc4 43. g4 a3 44. h4 a2 45. Nxa2 Bxa2 46. Kd3 b5 47. Kd2 Bc4 48. g5 fxg5 49. fxg5 g6 50. Ke3 Kxc3 51. Ke4 b4 52. Ke5 b3 53. Kf6 b2 54. Kg7 b1Q 55. Kxh7 e5 56. Kg7 Qf5 57. Kh6 e4 58. h5 Bf7 59. hxg6 Qxg6# 0-1

[Event "Michigan Juniors"]
[Site "East Grand Rapids"]
[Date "2005.03.19"]
[Round "2.14"]
[White "Beagle, Brad"]
[Black "Collins, Michael"]
[Result "1/2-1/2"]
[WhiteElo "1203"]
[BlackElo "1511"]
[PlyCount "68"]
[EventDate "2005.03.19"]
[EventType "swiss"]
[EventRounds "5"]
[EventCountry "USA"]
[SourceTitle "EXT 2006"]
[Source "ChessBase"]
[SourceDate "2005.11.24"]
[SourceVersion "1"]
[SourceVersionDate "2005.11.24"]
[SourceQuality "1"]

1. e4 e5 2. Nf3 d6 3. d4 exd4 4. Nxd4 Nf6 5. Nc3 Be7 6. Bc4 Nbd7 7. 0-0 Ne5 8. Bb3 a6 9. Bf4 Ng6 10. Bg3 Bd7 11. Re1 b5 12. a4 c5 13. Nf5 b4 14. Nd5 0-0 15. Nfxe7+ Nxe7 16. Nxe7+ Qxe7 17. Bxd6 Qd8 18. Bxf8 Kxf8 19. Qd6+ Qe7 20. Qxe7+ Kxe7 21. f3 Rc8 22. Bc4 a5 23. g4 Bc6 24. Bd5 Bxd5 25. exd5+ Kd6 26. Rad1 c4 27. b3 Nd7 28. Re4 Nc5 29. Rxc4 Rd8 30. Rf4 Rd7 31. Kf2 Re7 32. h4 f6 33. Rfd4 Re5 34. f4 Re7 1/2-1/2

[Event "Michigan Juniors"]
[Site "East Grand Rapids"]
[Date "2005.03.19"]
[Round "3.14"]
[White "Taliaferro, Nataiya"]
[Black "Beagle, Brad"]
[Result "0-1"]
[WhiteElo "899"]
[BlackElo "1203"]
[PlyCount "58"]
[EventDate "2005.03.19"]
[EventType "swiss"]
[EventRounds "5"]
[EventCountry "USA"]
[SourceTitle "EXT 2006"]
[Source "ChessBase"]
[SourceDate "2005.11.24"]
[SourceVersion "1"]
[SourceVersionDate "2005.11.24"]
[SourceQuality "1"]

1. e4 d5 2. Nc3 d4 3. Nd5 c6 4. Nb4 e5 5. Nd3 Bd6 6. Nf3 Bg4 7. h3 Bh5 8. g4 Bg6 9. Ndxe5 Bxe5 10. Nxe5 Bxe4 11. Rg1 Qe7 12. Nf3 Bxf3+ 13. Be2 Bxe2 14. Qxe2 Qxe2+ 15. Kxe2 Nf6 16. d3 0-0 17. Kd1 Re8 18. g5 Nd5 19. h4 g6 20. Bd2 Nd7 21. Re1 Rxe1+ 22. Bxe1 Ne5 23. a4 Nf3 24. Ra3 Re8 25. c3 Rxe1+ 26. Kc2 dxc3 27. bxc3 Re2+ 28. Kb3 Rxf2 29. c4 Nd4# 0-1

[Event "Lansing op"]
[Site "Lansing"]
[Date "2004.09.06"]
[Round "7"]
[White "Ferguson, Sheldon"]
[Black "Beagle, Brad"]
[Result "1/2-1/2"]
[WhiteElo "842"]
[BlackElo "1159"]
[PlyCount "84"]
[EventDate "2004.09.03"]
[EventType "swiss"]
[EventRounds "7"]
[EventCountry "USA"]
[SourceTitle "EXT 2007"]
[Source "ChessBase"]
[SourceDate "2006.11.23"]
[SourceVersion "1"]
[SourceVersionDate "2006.11.23"]
[SourceQuality "1"]

1. Nf3 d5 2. Nc3 Nf6 3. d4 e6 4. a3 c5 5. e3 Nc6 6. Be2 Be7 7. 0-0 0-0 8. Bb5 cxd4 9. exd4 Bd7 10. Bf4 a6 11. Bd3 Re8 12. Ne5 Nxd4 13. Bxh7+ Nxh7 14. Qxd4 Bf6 15. Qd2 Qc7 16. Rfe1 Nf8 17. Nxd7 Qxd7 18. Be5 Bxe5 19. Rxe5 Ng6 20. Re2 Rad8 21. Rd1 Qc6 22. g3 Re7 23. h4 Nf8 24. h5 Red7 25. h6 f6 26. f3 Qb6+ 27. Qd4 Qxd4+ 28. Rxd4 e5 29. Rg4 Ne6 30. hxg7 Rxg7 31. Rxg7+ Kxg7 32. Rd2 Nd4 33. Kf2 Kf7 34. f4 Ke6 35. Ne2 Nxe2 36. Rxe2 Kf5 37. fxe5 fxe5 38. g4+ Kxg4 39. Rxe5 Rd7 40. Ke3 Rc7 41. Kd3 Rc5 42. c3 a5 1/2-1/2

[Event "East Grand Rapids op"]
[Site "East Grand Rapids"]
[Date "2004.03.27"]
[Round "3"]
[White "Moore, Stacey"]
[Black "Beagle, Brad"]
[Result "1/2-1/2"]
[WhiteElo "1400"]
[BlackElo "885"]
[PlyCount "111"]
[EventDate "2004.03.27"]
[EventType "swiss"]
[EventRounds "5"]
[EventCountry "USA"]
[SourceTitle "EXT 2007"]
[Source "ChessBase"]
[SourceDate "2006.11.23"]
[SourceVersion "1"]
[SourceVersionDate "2006.11.23"]
[SourceQuality "1"]

1. e4 e5 2. Nf3 Nc6 3. d4 exd4 4. Bc4 Be7 5. c3 Nf6 6. e5 Ng4 7. cxd4 d6 8. h3 Nh6 9. 0-0 dxe5 10. Bxh6 gxh6 11. d5 Na5 12. Bb5+ Bd7 13. Bxd7+ Qxd7 14. Nxe5 Qb5 15. Nd2 Qxb2 16. Qa4+ c6 17. Nxf7 Kxf7 18. Qxa5 Qb4 19. Nb3 Qxa5 20. Nxa5 cxd5 21. Nxb7 Bb4 22. Rab1 a5 23. Nxa5 Bxa5 24. Rb5 d4 25. Rb7+ Ke8 26. Rd1 Rd8 27. Rb5 Bc3 28. a4 Ra8 29. a5 Bxa5 30. Ra1 Kf7 31. Raxa5 Rxa5 32. Rxa5 Rd8 33. Kf1 d3 34. Ke1 Rg8 35. g4 Re8+ 36. Kd1 Re2 37. Rf5+ Kg6 38. h4 h5 39. f3 hxg4 40. fxg4 Re4 41. Rg5+ Kf7 42. h5 h6 43. Rg6 Re6 44. Rxe6 Kxe6 45. Kd2 Kf6 46. Kxd3 Kg5 47. Ke2 Kxg4 48. Kf2 Kxh5 49. Kg3 Kg5 50. Kh3 h5 51. Kg3 h4+ 52. Kh3 Kh5 53. Kh2 Kg4 54. Kg2 h3+ 55. Kh2 Kh4 56. Kh1 1/2-1/2

[Event "Warren Decemb op"]
[Site "Warren"]
[Date "2003.12.13"]
[Round "3"]
[White "Bailey, Gregory E"]
[Black "Beagle, Brad"]
[Result "1-0"]
[WhiteElo "1900"]
[BlackElo "879"]
[PlyCount "67"]
[EventDate "2003.12.13"]
[EventType "swiss (rapid)"]
[EventRounds "6"]
[EventCountry "USA"]
[SourceTitle "EXT 2008"]
[Source "ChessBase"]
[SourceDate "2007.11.25"]
[SourceVersion "1"]
[SourceVersionDate "2007.11.25"]
[SourceQuality "1"]

1. f4 d5 2. Nf3 Nc6 3. g3 Nf6 4. Bg2 e6 5. c3 Be7 6. 0-0 0-0 7. d3 Bd6 8. Qe1 Re8 9. e4 dxe4 10. dxe4 Bc5+ 11. Kh1 e5 12. f5 h6 13. h3 b6 14. Be3 Nxe4 15. Nxe5 Rxe5 16. b4 Bxe3 17. Qxe3 Qe8 18. Nd2 Nxd2 19. Qxd2 Bb7 20. f6 Qd8 21. Qc2 Rg5 22. Rad1 Qf8 23. g4 Rd8 24. fxg7 Qxg7 25. Rde1 Rb8 26. Qd2 Rd8 27. Qf4 Rb8 28. Qxc7 Qg6 29. a4 h5 30. b5 hxg4 31. bxc6 gxh3 32. Qxb8+ Kg7 33. Rxf7+ Qxf7 34. Qxb7 1-0